Science Quiz

Random Science or Clickable Quiz

SI Unit Match Quiz Stats

 Plays Quiz Updated Feb 5, 2016

     
Support Sporcle.
Go Orange.
Score 0/30 Timer 05:00
0 Plays Today
% Correct
degree Celsius
87.8%
second
86.3%
meter
86%
kelvin
84%
kilogram
82.4%
liter
77.3%
hertz
77.1%
newton
75.7%
ohm
73.2%
joule
72%
watt
64.8%
pascal
63.7%
radian
61.7%
ampere
61.4%
mole
60.6%
% Correct
volt
57.9%
lumen
43.2%
coulomb
42.3%
farad
37.6%
lux
36.8%
steradian
34.9%
becquerel
34.7%
candela
33.2%
tesla
32.4%
katal
29.7%
sievert
26.5%
henry
23.6%
weber
19.6%
gray
18.4%
siemens
18.2%

From the Vault

French Speaking Countries

by Jam1

Those French Colonialists certainly got around.
Remove Ads.
Support Sporcle.
Get the best of Sporcle when you Go Orange. This ad-free experience offers more features, more stats, and more fun while also helping to support Sporcle. Thank you for becoming a member.

Show Comments

Extras

Top Quizzes Today


Score Distribution

Your Account Isn't Verified!

In order to create a playlist on Sporcle, you need to verify the email address you used during registration. Go to your Sporcle Settings to finish the process.

Report this User

Report this user for behavior that violates our Community Guidelines.

Details: